[Event "5th Nebesna Sotnya Blitz 2018"]
[Site "Lutsk"]
[Date "2018.02.16"]
[Round "6"]
[White "Bordovsky, Vladimir"]
[Black "Razin, Vadim"]
[Result "1-0"]
[WhiteElo "2326"]
[BlackElo "2379"]
[Annotator "TA"]
[PlyCount "49"]
[EventDate "2018.??.??"]
[EventType "swiss"]
[EventCountry "UKR"]
[SourceTitle "playchess.com"]
[Source "ChessBase"]
[SourceQuality "1"]

{[%evp 12,49,50,57,55,45,83,84,87,36,95,71,121,98,139,133,155,116,261,261,404,392,531,560,668,675,684,672,603,531,545,516,501,440,433,451,445,437,959,952]} 1. Nf3 d5 2. d4 c5 3. e3 Nf6 4. c3 Nc6 5. dxc5 (5. Nbd2 cxd4 6. exd4 Bf5 7. Nh4 Bg4 8. Be2 Bxe2 9. Qxe2 e6 10. Nb3 Qc7 11. g3 O-O-O 12. Bf4 Bd6 13. Bxd6 Qxd6 {0-1 (43) Jussupow,A (2583)-Karjakin,S (2678) Amsterdam 2007}) 5... a5 6. Bb5 {D05: Damenbauernspiele (Colle-Aufbau)} e6 7. b4 {LiveBook: 3 Partien} Be7 8. Bb2 {Weiß steht etwas besser.} O-O 9. a3 Qc7 10. O-O $146 (10. Be2 $16) ({Vorgänger:} 10. Nbd2 e5 11. h3 {1-0 (35) Kapeljus,L (2361)-Lakhno,K (2210) Bor 2000}) 10... Rd8 (10... b6 $14) 11. Nbd2 $16 {[%cal Bb1d2,Bd2c4,Bc4b6][%mdl 32]} e5 12. h3 e4 13. Nd4 Ne5 14. Qb3 g5 (14... Ng6 $16 {kämpft weiter.} 15. c4 Be6 16. Nxe6 fxe6) 15. c4 $18 dxc4 (15... axb4 {ist wohl besser.} 16. axb4 Rxa1) 16. Nxc4 Ng6 17. Nb6 {Weiß steht klar auf Gewinn.} Rb8 18. Bc4 Bf8 19. Nb5 Qe7 20. Nd6 Be6 21. Bxe6 fxe6 22. Bxf6 Qxf6 23. Nxe4 Qe5 24. Ng3 Rd2 (24... Ne7 $142 25. Nc4 Qc7 26. Nxa5 Nd5) 25. Nc4 {Precision: Weiß = 81%, Schwarz = 15%.} 1-0

[Event "5th Nebesna Sotnya Blitz 2018"]
[Site "Lutsk"]
[Date "2018.02.16"]
[Round "6"]
[White "Snigurov, Maxim"]
[Black "Reshetkov, Kirill"]
[Result "0-1"]
[WhiteElo "2068"]
[BlackElo "2256"]
[Annotator "TA"]
[PlyCount "112"]
[EventDate "2018.??.??"]
[EventType "swiss"]
[EventCountry "UKR"]
[SourceTitle "playchess.com"]
[Source "ChessBase"]
[SourceQuality "1"]

{[%evp 12,112,-18,-20,8,-18,-15,-18,-17,-28,63,8,36,35,43,36,38,0,0,0,0,0,0,0,0,0,0,0,0,-33,-27,-49,-31,-33,0,0,0,-23,-23,-23,0,0,22,0,0,-12,23,0,39,-22,-22,-22,-22,-29,-29,-29,-32,-118,-118,-118,-118,-125,-125,-125,-125,-176,-180,-160,-142,-152,-133,-181,-180,-181,-181,-181,-181,-181,-181,-181,-181,-181,0,-177,-177,-998,-804,-824,-808,-800,-768,-1000,-717,-982,-962,-1098,-1089,-1088,-1054,-29985,-830,-817,-817]} 1. e4 c6 2. d4 d5 3. e5 Bf5 4. g4 Be4 5. f3 Bg6 6. Ne2 {B12: Caro-Kann: Advance Variation} (6. h4 h5 7. e6 Qd6 8. exf7+ Bxf7 9. Be3 hxg4 10. fxg4 Nf6 11. Nc3 Qe6 12. Kd2 Nxg4 13. Bg5 Nf2 14. Qf3 Nxh1 15. Qxh1 Qd6 16. Bh3 e6 {0-1 (30) Vallejo Pons,F (2717)-So,W (2810) Tbilisi 2017}) 6... e6 7. h4 {[#] LiveBook: 5 Games. Strongly threatening h5.} h6 8. Nf4 {The position is equal.} (8. Be3 {feels hotter.} Ne7 9. h5 Bh7 10. f4 c5 11. dxc5 Nec6 12. Nbc3) 8... Bh7 9. Bd3 Bxd3 10. Qxd3 Qa5+ (10... c5 $11) 11. c3 $146 (11. Nc3 $14) ({Predecessor:} 11. Bd2 Qa6 12. Qe3 Nd7 13. Nd3 Rc8 14. f4 {1-0 (86) Vogel,A (1916)-Mietner,F (1742) Naumburg 2002}) 11... Qa6 (11... Nd7 {looks sharper.} 12. Be3 Qb6 13. Qe2 c5 14. Kf2 cxd4 15. cxd4 Ne7) 12. Be3 Qxd3 13. Nxd3 h5 $1 14. g5 Ne7 15. Nd2 Nf5 16. Bf2 g6 17. Nf1 Nd7 18. Ne3 Nxe3 19. Bxe3 a5 {[%cal Ba7a5,Ba5a4][%mdl 32]} 20. Ke2 a4 21. b4 Be7 22. Nc5 Bxc5 23. bxc5 Kd8 24. Rhb1 Kc7 25. Bc1 Rhb8 26. Ba3 Ra6 27. Rb2 Kc8 28. Rab1 Ra7 29. Ke3 Rba8 30. Kd3 (30. Rb4 $14) 30... Nb8 $1 $11 31. Rb6 Na6 32. Ke3 Nc7 33. Kd3 Nb5 34. R6xb5 ({White should try} 34. Bb2 $15) 34... cxb5 $17 35. Rxb5 $15 {[%mdl 4096] Endgame KRR-KRB} Ra6 36. c4 dxc4+ 37. Kxc4 Kc7 38. Kb4 (38. Kd3 $17 {is a better defense.}) 38... Kc6 $19 39. Kc4 Rd8 {[#] Threatens to win with ...Rxd4+!} 40. Rb1 b6 41. cxb6 Rxb6 42. Rxb6+ Kxb6 $17 {KR-KB} 43. Bc5+ Kc6 44. a3 Rb8 45. Bb4 Rc8 46. Bc5 Rb8 47. Bb4 Rb5 48. f4 $2 (48. Kd3) 48... Rd5 49. Bc5 Rd8 50. Bd6 Ra8 51. Bc5 Ra5 52. Bb4 Rb5 53. Kc3 Kd5 54. Kd3 Rb8 55. Ke3 Rc8 (55... Rxb4 $142 56. Kf2 Rb3 57. f5 Kxd4 58. Kg2 Ke3 59. fxg6 fxg6 60. Kg3 Rb2 61. Kh3 Kf2 62. Kh2 Rb1 63. Kh3 Rh1#) 56. Kd3 Rc1 {Precision: White = 29%, Black = 61%.} 0-1

[Event "5th Nebesna Sotnya Blitz 2018"]
[Site "Lutsk"]
[Date "2018.02.16"]
[Round "7"]
[White "Golubka, Petro"]
[Black "Korol, Dimitry"]
[Result "0-1"]
[WhiteElo "2503"]
[BlackElo "2291"]
[Annotator "TA"]
[PlyCount "58"]
[EventDate "2018.??.??"]
[EventType "swiss"]
[EventCountry "UKR"]
[SourceTitle "playchess.com"]
[Source "ChessBase"]
[SourceQuality "1"]

{[%evp 35,58,-68,-69,-282,-283,-316,-307,-312,-191,-378,-377,-524,-513,-825,-731,-995,-989,-1144,-1075,-1055,-1019,-1105,-1097,-29998,-29999]} 1. e4 c5 2. Nf3 d6 3. d4 cxd4 4. Nxd4 Nf6 5. Nc3 g6 6. Be3 Bg7 7. f3 O-O 8. Qd2 Nc6 9. Bc4 Bd7 10. h4 Ne5 11. Bb3 Qa5 12. h5 Nxh5 13. g4 Nf6 14. Bh6 Bxh6 15. Qxh6 Rfc8 16. O-O-O Rxc3 17. bxc3 Qxc3 {B79: Sicilian Dragon: Yugoslav Attack, 9 Bc4 Bd7 10 0-0-0 Qa5} 18. Kb1 Rc8 {LiveBook: 3 Games} 19. Rhf1 $2 {[#]} ({White should try} 19. Qd2 $15) 19... a5 $1 $19 {Black has a decisive advantage.} ({Not} 19... Nc4 20. Qc1 $15) 20. a4 Nc4 $146 {[%csl Gc4][%cal Rc3b2]} ({Predecessor:} 20... Bxa4 21. Bxa4 Qb4+ 22. Bb3 a4 23. Qd2 Qb6 {½-½ (23) Florean,A (2455)-Carlsson,P Hallsberg 1998}) 21. Qc1 Qb4 $40 {[%mdl 128] Black goes for the king.} 22. Ka2 $2 (22. c3 Qb6 23. Ka2) 22... Bxa4 23. g5 Nd7 24. Rh1 (24. Bxc4 $142 Qxc4+ 25. Kb1) 24... Nc5 {[#] Hoping for ...Bxb3+.} 25. Rh2 e5 {[%cal Be7e5,Be5d4][%mdl 32]} 26. Rdh1 h5 27. gxh6 exd4 28. h7+ Kh8 29. Qg5 Qa3+ 0-1

[Event "5th Nebesna Sotnya Blitz 2018"]
[Site "Lutsk"]
[Date "2018.02.16"]
[Round "7"]
[White "Matviishen, Viktor"]
[Black "Bernadskiy, Vitaliy"]
[Result "1-0"]
[WhiteElo "2439"]
[BlackElo "2588"]
[Annotator "TA"]
[PlyCount "58"]
[EventDate "2018.??.??"]
[EventType "swiss"]
[EventCountry "UKR"]
[SourceTitle "playchess.com"]
[Source "ChessBase"]
[SourceQuality "1"]

{[%evp 19,58,54,51,50,66,68,56,81,69,64,66,27,95,91,147,132,142,33,36,-139,-62,-286,0,0,757,512,1060,1012,29987,29987,29992,29970,29965,29959,5706,5706,29991,384,374,0,0]} 1. d4 Nf6 2. c4 g6 3. Nc3 Bg7 4. e4 {[%cal Be2e4,Be4e5][%mdl 32]} O-O 5. Nf3 c6 6. h3 d5 {E70: King's Indian: Miscellaneous lines with 4 e4, including 5 Nge2 and 5 Bd3 0-0 6 Nge2} 7. cxd5 (7. e5 Ne4 8. Bd3 Nxc3 9. bxc3 dxc4 10. Bxc4 c5 11. O-O Nc6 12. Ba3 cxd4 13. cxd4 Na5 14. Bd3 Be6 15. Be4 Nc4 16. Bb4 a5 17. Bc5 Rc8 18. Bxb7 Rc7 19. Be4 {½-½ (60) Li,C (2669)-Mamedov,R (2679) Ningbo 2011}) 7... cxd5 8. e5 Ne8 {[%cal Bf6e8,Be8c7,Bc7e6][%mdl 32]} 9. Bd3 Nc6 10. O-O f6 {LiveBook: 3 Games} 11. exf6 exf6 $146 ({Predecessor:} 11... Nxf6 12. Re1 a6 13. Bg5 Qd6 14. Rc1 {0-1 (38) Mohr,G (2450)-Krasenkow,M (2545) Belgorod 1990}) 12. Re1 Nc7 13. Bf4 Ne6 14. Bg3 f5 15. Be5 Nxe5 (15... Nexd4 $11 {remains equal.} 16. Bxg7 Nxf3+ 17. Qxf3 Kxg7) 16. dxe5 $16 g5 (16... Kh8 $142) 17. Bc2 $1 g4 18. Nd4 (18. hxg4 $16 fxg4 19. Qd3 gxf3 20. Qxh7+ Kf7 21. Qh5+ Ke7 22. Rad1) 18... gxh3 $14 19. Re3 $2 {[#]} (19. g3 $1 $14) 19... hxg2 (19... Nxd4 $1 $17 20. Qxd4 f4) 20. Nxf5 $2 {[#]} (20. Nxe6 $15 Bxe6 21. Rg3) 20... d4 $2 {[#]} (20... Nf4 $1 $19 21. e6 Bxe6 22. Rxe6 Nxe6) 21. Qh5 $3 $40 {[%mdl 640] Ne7+! would kill now. White attacks.} Rf7 $2 {[%mdl 8192]} (21... Rxf5 $11 22. Bxf5 dxe3 23. Bxh7+ Kf8 24. Qf3+ Ke7 25. Nd5+ Kd7 26. Qf7+ Kc6 27. Rc1+ Kb5 28. a4+ Ka5 29. b4+ Kxa4 30. Bc2+ Kb5 31. Bd3+ Ka4 32. Ra1+ Kb3) 22. Rg3 {Threatening mate with Nh6+.} Kf8 (22... Rxf5 $142 23. Bxf5 Nf8) 23. Nd6 $18 {[%csl Gd6][%cal Rh5f7]} Rf4 24. Nd5 Qe7 25. Nxf4 Nxf4 26. Rf3 Bxe5 27. Re1 Qf6 28. Rxe5 $2 (28. Qxe5 {mates} Qxe5 29. Rxe5 Bf5 30. Rxf4 Kg8 31. Rexf5 h6 32. Rg4+ Kh8 33. Rh5 Rg8 34. Rxh6#) 28... Nxh5 29. Rxf6+ $2 (29. Re8+ $18 Kg7 30. Rxf6 Nxf6 31. Rxc8 Rxc8 32. Nxc8) 29... Nxf6 {[%mdl 32768] Precision: White = 36%, Black = 18%. . Loss on Time!?} 1-0

[Event "5th Nebesna Sotnya Blitz 2018"]
[Site "Lutsk"]
[Date "2018.02.16"]
[Round "7"]
[White "Budnikov, Oleg"]
[Black "Vetoshko, Volodymyr"]
[Result "0-1"]
[WhiteElo "2422"]
[BlackElo "2520"]
[Annotator "TA"]
[PlyCount "34"]
[EventDate "2018.??.??"]
[EventType "swiss"]
[EventCountry "UKR"]
[SourceTitle "playchess.com"]
[Source "ChessBase"]
[SourceQuality "1"]

{[%evp 19,34,0,0,-14,11,-55,18,-2,1143,-25,0,-34,35,0,20,-377,77]} 1. Nf3 Nf6 2. c4 e6 3. d4 c5 4. e3 cxd4 5. exd4 d5 6. Nc3 dxc4 7. Bxc4 Nc6 8. O-O Be7 9. Bb5 O-O 10. Bxc6 bxc6 11. Re1 $146 {B22: Sicilian: 2 c3} ({Predecessor:} 11. Na4 Ba6 12. Re1 Bb5 13. Bg5 h6 14. Bxf6 Bxf6 15. Rc1 Qd5 16. Nc3 Qf5 17. Ne4 Rfd8 18. Nxf6+ Qxf6 {0-1 (72) Melkumyan,H (2633)-Ganguly,S (2668) Doha 2016}) 11... Qc7 12. g3 (12. Bg5 $11) 12... Nd7 (12... Bb7 $15 13. Bf4 Qc8) 13. Bf4 {The position is equal.} Re8 $2 {[%mdl 8192] [#]} (13... Qb6 $11) 14. Qd2 $2 (14. Bxc7 $18 a5 15. Ne4) 14... Qb7 15. h4 Nf8 ({Better is} 15... c5 $15 16. d5 Nb6) 16. Rac1 f6 17. Bd6 $2 {[%mdl 8192] [#]} (17. Qe2 $11 {and White has nothing to worry.}) 17... Ng6 $2 {[%mdl 32768] Precision: White =  0%, Black =  0%. . Loss on Time!?} (17... Bxd6 $19 18. a3 Qe7) 0-1

[Event "5th Nebesna Sotnya Blitz 2018"]
[Site "Lutsk"]
[Date "2018.02.16"]
[Round "7"]
[White "Mirzoev, Emil"]
[Black "Bortnyk, Mykola"]
[Result "0-1"]
[WhiteElo "2405"]
[BlackElo "2432"]
[Annotator "TA"]
[PlyCount "32"]
[EventDate "2018.??.??"]
[EventType "swiss"]
[EventCountry "UKR"]
[SourceTitle "playchess.com"]
[Source "ChessBase"]
[SourceQuality "1"]

{[%evp 18,32,21,15,29,2,7,0,0,0,0,-395,-402,-393,-390,-376,-381]} 1. d4 d5 2. c4 dxc4 3. e3 Nf6 4. Bxc4 a6 5. Nf3 b5 6. Bd3 Bb7 {D25: Queen's Gambit Accepted: 4 e3: sidelines and 4...Bg4} 7. a4 b4 8. Nbd2 c5 9. O-O e6 10. Nc4 {LiveBook: 9 Games} Nc6 {[%cal Rc5d4]} 11. Re1 $146 (11. dxc5 {seems wilder.} Bxc5 12. b3 Na5 13. Nxa5 Qxa5 14. Bb2) ({Predecessor:} 11. dxc5 Bxc5 12. e4 h6 13. Qe2 Na5 14. Nxa5 Qxa5 15. Bf4 O-O {0-1 (48) Jankovic,A (2548)-Varga,Z (2506) Sibenik 2007}) 11... cxd4 12. exd4 Nxd4 13. Nxd4 Qxd4 14. Rxe6+ $2 {[%mdl 8192]} (14. Na5 $11 O-O-O 15. Nxb7 Kxb7 16. Qf3+ Qd5 17. Be2) 14... fxe6 $19 {Black is winning.} 15. Bg6+ hxg6 {[%cal Rd4d1] [#]} 16. Qxd4 Rd8 0-1

[Event "5th Nebesna Sotnya Blitz 2018"]
[Site "Lutsk"]
[Date "2018.02.16"]
[Round "7"]
[White "Razin, Vadim"]
[Black "Dovzhenko, Viktor"]
[Result "1-0"]
[WhiteElo "2379"]
[BlackElo "2114"]
[Annotator "TA"]
[PlyCount "93"]
[EventDate "2018.??.??"]
[EventType "swiss"]
[EventCountry "UKR"]
[SourceTitle "playchess.com"]
[Source "ChessBase"]
[SourceQuality "1"]

{[%evp 12,92,41,40,47,40,43,0,11,-2,-3,-49,17,14,28,6,18,12,57,87,76,11,57,42,81,86,80,0,0,0,88,64,66,79,79,64,66,66,59,51,142,141,335,209,203,193,265,297,280,156,463,465,523,515,576,574,570,346,321,304,404,395,899,873,850,737,737,701,29977,29978,29985,29986,29988,29978,29985,29986,29985,6103,29987,0,29973,2580,29999]} 1. d4 g6 2. Nf3 Bg7 3. e4 d6 4. Nc3 a6 5. a4 b6 6. Bc4 e6 7. O-O Bb7 {B06: Modern Defence} (7... Ne7 8. Bf4 Nd7 9. Qd2 h6 10. Rfe1 g5 11. Bg3 Ng6 12. h3 Nf6 13. e5 Nh5 14. Bh2 Nhf4 15. exd6 cxd6 {1-0 (36) Gustafsson,J (2630)-Fier,A (2636) Linares 2015}) 8. Qe2 Nd7 9. Be3 Ngf6 $146 {The position is equal.} ({Predecessor:} 9... Ne7 10. Ng5 h6 11. Nf3 O-O 12. Rad1 Re8 13. Qd2 Kh7 {0-1 (70) Shianovsky,V (2307)-Ianov,V (2392) Kiev 2002}) 10. Nd2 O-O 11. Bd3 e5 ({Black should play} 11... c5 $15) 12. d5 $11 Nc5 13. b4 $36 {[%mdl 2048] Black is under pressure.} Nxd3 14. cxd3 c6 {[%cal Rc6d5]} 15. dxc6 Bxc6 16. b5 (16. Nc4 $16) 16... axb5 17. axb5 Rxa1 18. Rxa1 Bb7 19. Nc4 (19. Na4 $16) 19... d5 20. Bxb6 Qe7 (20... Qd7 $1 $11) 21. exd5 Nxd5 22. Nxd5 Bxd5 23. Ne3 Be6 24. Rc1 {[#] Threatens to win with Bc5.} Rb8 25. Bc5 Qc7 (25... Qd8 $14) 26. Qb2 $16 e4 $2 (26... h5 $16 27. b6 Qc6) 27. d4 f5 28. b6 Qd7 (28... Qc6 $142 29. Qa3 Ra8) 29. Qb4 $18 f4 30. Nf1 ({White should try} 30. Bd6 $18 Rb7 31. Nc4 (31. Bxf4 Qxd4 32. Rb1 Qxb4 $16)) 30... Bd5 $2 (30... Qb7 $16 31. d5 Bf5) 31. Bd6 Bf8 32. Bxf8 Rxf8 33. Rc7 Qe6 34. Re7 Qc6 35. Rxh7 Kxh7 36. Qxf8 f3 $2 (36... Qe6 37. b7 Bxb7) 37. Qe7+ Kg8 38. Qd8+ Kf7 39. h4 {Ne3 is the strong threat.} fxg2 40. Ne3 Qc1+ 41. Kxg2 Be6 42. d5 {[%cal Bd4d5,Bd5d6][%mdl 32]} Bc8 43. d6 Qc6 44. Qe7+ Kg8 {[#]} 45. Qd8+ $2 (45. b7 $1 {mates} Qxb7 46. Qxb7 Bxb7 47. d7 Kf7 48. d8=Q Ke6 49. Qb6+ Ke5 50. Qxb7) 45... Kh7 $2 {[%mdl 8192]} (45... Kf7 $11 46. Qe7+ Kg8) 46. Kh2 Kh6 47. Qh8# {Precision: White = 65%, Black = 29%.} 1-0

[Event "5th Nebesna Sotnya Blitz 2018"]
[Site "Lutsk"]
[Date "2018.02.16"]
[Round "7"]
[White "Bordovsky, Vladimir"]
[Black "Bogdanovich, Stanislav"]
[Result "0-1"]
[WhiteElo "2326"]
[BlackElo "2560"]
[Annotator "TA"]
[PlyCount "115"]
[EventDate "2018.??.??"]
[EventType "swiss"]
[EventCountry "UKR"]
[SourceTitle "playchess.com"]
[Source "ChessBase"]
[SourceQuality "1"]

{[%evp 16,115,22,-27,7,-41,-50,-61,-26,-56,-45,-45,-44,-35,-28,-25,-12,-8,47,28,89,33,27,40,37,37,72,42,67,67,67,79,52,32,141,135,134,140,139,125,103,93,118,41,50,35,35,40,62,59,61,37,54,20,8,10,22,14,14,4,90,84,134,124,136,0,0,-51,0,0,0,-5,0,0,0,0,0,0,0,0,46,35,183,0,251,1,445,274,406,388,308,0,0,-49,-65,-1567,0,-29956,-12843,-29991,-29992,-29995]} 1. Nf3 Nf6 2. d4 g6 3. Bg5 Bg7 4. Nbd2 O-O 5. e4 d6 6. Bd3 Nc6 7. c3 h6 {A48: 1 d4 Nf6 2 Nf3 g6: Torre, London and Colle Systems} 8. Bh4 e5 9. O-O {LiveBook: 25 Games} exd4 {Black has an edge.} 10. cxd4 g5 {[%cal Bg6g5,Bg5g4][%mdl 32]} 11. Bg3 Nh5 (11... g4 $5 {[%cal Rg4f3]} 12. Ne1 Nxd4 $15) 12. Nb3 $146 ({Predecessor:} 12. d5 Ne7 13. Nb3 Nxg3 14. hxg3 Bxb2 15. Rb1 Bg7 {1-0 (30) Van Foreest,J (2548)-Sethuraman,S (2640) Berlin 2015}) 12... g4 13. Nh4 Nxd4 14. Nxd4 Bxd4 15. Be2 Bxb2 16. Rb1 Be5 (16... Bf6 $11 17. Bxg4 Nxg3 18. hxg3 Bxh4 19. Bxc8 Rxc8 20. gxh4 Qxh4) 17. Bxg4 $14 Bxg3 (17... Nxg3 $11 18. hxg3 b6) 18. hxg3 ({White should try} 18. fxg3 $16 Bxg4 19. Qxg4+ Qg5 20. Qe2) 18... Ng7 $1 19. Bxc8 Qxc8 20. Qd2 Kh7 21. Rb5 a6 {[#]} 22. Nf5 $1 {[%mdl 512]} Nxf5 23. Rxf5 {Strongly threatening Qf4.} Qe6 24. Qf4 Qg6 (24... Kg7 $14) 25. Rf6 Qg5 26. Rxf7+ Rxf7 27. Qxf7+ $16 {[%mdl 4096] Endgame KQR-KQR} Qg7 28. Qf5+ Kh8 29. Re1 (29. Qd5 $1 $16) 29... Rf8 30. Qd5 Qb2 31. Rf1 Qb5 32. Qe6 Kg7 33. Qg4+ Qg5 34. Qd7+ Rf7 $132 {[%mdl 2048] Black is not keeping still} 35. Qc8 Qb5 36. a4 Qb2 37. a5 c6 (37... Qb5 $11 {keeps the balance.}) 38. Qg4+ Kh7 39. Qe6 Qf6 40. Qc8 (40. Qxf6 $1 $16 Rxf6 41. f4) 40... Qe5 $11 41. f3 (41. Qd8 $11) 41... Qxg3 (41... Qc5+ $15 42. Kh1 Qxa5) 42. Qe6 Qg6 43. Qe8 Rg7 {[%csl Gg7][%cal Rg6g2]} 44. Qxg6+ Kxg6 {KR-KR} 45. Rd1 Rd7 46. f4 d5 47. Kf2 Kf6 48. g4 {[%mdl 1024] White has compensation.} Ke6 ({Better is} 48... h5 $1 $14) 49. e5 $2 {[#]} ({White must play} 49. Rh1 $1 $18 {[%cal Rh1h6]} Rh7 50. exd5+ Kxd5 51. g5) 49... d4 $2 {[%mdl 8192]} (49... h5 $1 $11 {[%mdl 512]} 50. gxh5 Rh7) 50. Re1 $2 ({White has to play} 50. Rh1 $18) 50... Kd5 $2 {[%mdl 8192]} (50... Ke7 $1 $11 {and Black is okay.}) 51. e6 Re7 52. f5 c5 {[%cal Bc6c5,Bc5c4,Bc4c3,Bc3c2][%mdl 32] [#]} 53. Kf3 $2 (53. Ke2 $1 $18 c4 54. Rh1) 53... c4 54. Kf4 {Re5+ is the strong threat.} c3 55. Re5+ $2 {[%mdl 8192] [#]} (55. Kf3 $15) 55... Kd6 $2 (55... Kc4 $1 $19 56. Re2 d3 57. Re4+ Kb3) 56. f6 $2 {[%mdl 8192]} (56. Re1 $11) 56... Rxe6 57. Rf5 c2 58. f7 {Precision: White = 45%, Black = 28%.} 0-1

[Event "5th Nebesna Sotnya Blitz 2018"]
[Site "Lutsk"]
[Date "2018.02.16"]
[Round "7"]
[White "Peng, Li Min"]
[Black "Polyakov, Maxim"]
[Result "1-0"]
[WhiteElo "2320"]
[BlackElo "2402"]
[Annotator "TA"]
[PlyCount "83"]
[EventDate "2018.??.??"]
[EventType "swiss"]
[EventCountry "UKR"]
[SourceTitle "playchess.com"]
[Source "ChessBase"]
[SourceQuality "1"]

{[%evp 9,83,10,12,-15,-10,-13,-1,-33,-19,-49,-42,-58,-46,-52,-53,-47,-38,-33,-37,-129,-120,-115,-124,-123,-42,-47,-70,-43,-50,-36,-24,-66,-25,-50,-52,-50,-25,-85,-58,-89,-65,-121,-41,-43,-37,-63,10,-84,0,0,14,12,13,12,22,12,64,29,43,58,339,379,510,489,785,365,1690,197,3090,2635,29984,29985,29986,29987,29987,-321]} 1. e4 c6 2. d4 d5 3. Nc3 h6 4. exd5 (4. f3 b5 5. Be3 b4 6. Nce2 dxe4 7. fxe4 Nf6 8. Ng3 h5 9. Bd3 Ng4 10. Qd2 h4 11. N3e2 e5 12. dxe5 Nxe5 {1-0 (36) Socko,B (2631)-Hillarp Persson,T (2546) Stockholm 2013}) 4... cxd5 5. Bd3 $146 ({Predecessor:} 5. Bf4 a6 6. Bd3 Nc6 7. Nf3 Bg4 8. h3 Bxf3 9. Qxf3 e6 10. Ne2 Nb4 11. O-O Ne7 {½-½ (42) Genocchio,D (2306)-Drazic,S (2497) Villa San Giovanni 2005}) 5... Nc6 6. Nge2 {B15: Caro-Kann: 3 Nc3: 3...g6 and 3...dxe4 4 Nxe4 Nf6 5 Nxf6+ exf6} Nf6 7. O-O e6 8. Kh1 {The position is equal.} Bd6 9. f4 O-O 10. a3 Ne7 11. Ng3 Nf5 12. Nce2 Rb8 13. Nxf5 exf5 14. c4 (14. Ng1 $15) 14... dxc4 $1 $17 15. Bxc4 b5 16. Bd3 Ne4 (16... Bc7 $17 17. Qc2 Re8) 17. Bxe4 fxe4 18. Be3 a5 19. d5 Bb7 20. Nc3 b4 21. Nxe4 Be7 22. axb4 axb4 23. Bc5 (23. f5 $11 {keeps the balance.} Bxd5 24. Qg4 Bxe4 25. Rad1 (25. Qxe4 Bf6 $11)) 23... Bxc5 24. Nxc5 Bxd5 25. Rf2 (25. Kg1 $15) 25... Ra8 (25... Rb5 $17 26. Rc2 Qd6) 26. Rc1 $1 $15 {Hoping for Rd2.} Bc6 27. Rd2 Qf6 ({Better is} 27... Qh4 $15) 28. Nd3 (28. Rd6 $11 Rfd8 29. Rxf6 Rxd1+ 30. Rxd1 gxf6 31. Kg1) 28... Rab8 (28... Rfd8 $17 29. Ne5 Be4) 29. Ne5 $11 Be8 30. Rd4 Qb6 31. Qd2 Ba4 32. Nc4 {[%cal Be5c4,Bc4e3,Be3d5][%mdl 32]} Qc5 (32... Qf6 $11) 33. Ne3 Qb6 34. Nd5 $36 {[%mdl 2048] White is pushing.} Qa5 $2 {[%mdl 8192]} ({Black should play} 34... Qd8 $14) 35. Ra1 $18 Rfd8 36. b3 Qc5 {[#]} (36... Kh8 $142 37. Rxa4 Qc5) 37. bxa4 (37. Nf6+ $142 $1 {[%mdl 512]} gxf6 38. Rxd8+ Rxd8 39. Qxd8+ Be8 40. Qxe8+ Kg7 41. h3) 37... b3 $2 {[#]} (37... Kh8 38. Rc1 Qd6) 38. Rd1 $2 (38. Nf6+ $1 {[%mdl 512]} gxf6 39. Rxd8+ Rxd8 40. Qxd8+ Kg7 41. Qd2) 38... b2 $2 (38... Kh8) 39. Ne7+ Qxe7 40. Rxd8+ {White mates.} Rxd8 41. Qxd8+ Qxd8 42. Rxd8+ {[%mdl 32768] Precision: White = 35%, Black = 22%. . Loss on Time!?} 1-0

[Event "5th Nebesna Sotnya Blitz 2018"]
[Site "Lutsk"]
[Date "2018.02.16"]
[Round "7"]
[White "Reshetkov, Kirill"]
[Black "Simantsev, Mikhail"]
[Result "0-1"]
[WhiteElo "2256"]
[BlackElo "2486"]
[Annotator "TA"]
[PlyCount "145"]
[EventDate "2018.??.??"]
[EventType "swiss"]
[EventCountry "UKR"]
[SourceTitle "playchess.com"]
[Source "ChessBase"]
[SourceQuality "1"]

{[%evp 22,145,5,3,9,0,26,13,16,18,16,12,9,-37,-34,-34,-31,-72,-62,-56,0,0,0,0,0,0,0,-14,0,0,0,-71,-72,-76,0,0,0,0,0,0,0,0,0,0,0,0,0,0,0,0,0,0,0,0,0,0,0,0,0,0,0,0,0,0,0,0,0,0,0,0,0,0,0,0,0,0,0,0,0,0,0,-32,-32,-32,-32,-32,-32,-32,-32,-32,-32,-41,-32,-32,-32,-65,-32,-41,-32,-41,-32,-65,-65,-65,-65,-65,-65,-72,-72,-72,-72,-72,-72,-72,-72,-72,-72,-29980,-29981,-29981,-29982,-29984,-29985,-29985,-29986,-29986]} 1. b3 c5 2. Bb2 e6 3. Nf3 Nf6 4. e3 b6 5. d4 Bb7 6. Bd3 cxd4 7. exd4 Nc6 8. O-O Be7 9. Re1 O-O 10. a3 d5 11. Nbd2 Rc8 12. Qe2 {LiveBook: 6 Games. A47: 1 d4 Nf6 2 Nf3 b6: Torre, London and Colle Systems} Qc7 (12... Re8 13. c4 Bf8 14. Rad1 g6 15. Qe3 Bg7 16. Ne5 dxc4 17. bxc4 Nxe5 18. dxe5 {0-1 (48) Mamedyarov,S (2768)-Leko,P (2693) Doha 2016}) 13. Rac1 Bd6 14. Ne5 {White has an edge.} Ne7 $146 ({Predecessor:} 14... Qe7 15. Ra1 Rfd8 16. Qe3 Nd7 17. f4 Nf8 18. Kh1 g6 19. Ndf3 {1-0 (43) Gustafsson,J (2436)-Zude,A (2372) Germany 2000}) 15. Qf3 Ng6 16. g3 Qe7 17. h4 Bxa3 18. Bxa3 Qxa3 19. h5 Nxe5 20. dxe5 Ne4 ({Black should play} 20... Nd7 $15 21. Qf4 Qe7) 21. Nxe4 $11 dxe4 22. Bxe4 Bxe4 23. Qxe4 h6 24. Rcd1 Rfd8 25. Qb7 Qc5 26. Rd6 (26. c4 $11 {remains equal.}) 26... Qxc2 $17 27. Qxa7 {[#]} Qxb3 (27... Rxd6 $1 $17 28. exd6 Qd2) 28. Qxb6 $11 Qxb6 29. Rxb6 $17 {[%mdl 4096] Endgame KRR-KRR} Rc7 30. Rb5 Rd2 31. Rb8+ Kh7 32. Re3 g6 33. hxg6+ Kxg6 34. Rg8+ Kh7 35. Rg4 Rd5 36. Kg2 Rcc5 37. Rf4 Kg7 38. Rg4+ Kh7 39. Rf4 Kg7 40. Rfe4 Rc2 41. Rg4+ Kf8 42. Rf4 $1 Rcc5 43. Rfe4 Rc2 44. Re2 Rxe2 45. Rxe2 $11 {KR-KR} Kg7 46. g4 Kg6 47. Kg3 $1 h5 48. gxh5+ Kxh5 49. Kf4 Rd4+ 50. Kf3 Kg5 51. Re1 Kf5 52. Re2 Rd5 53. Rc2 Rxe5 54. Rc4 f6 55. Rh4 Rd5 56. Rh8 Rd3+ 57. Ke2 Rb3 58. Rh5+ Ke4 59. Rh6 Ke5 60. Rh5+ f5 61. Rh8 Kf4 62. Rh4+ Kg5 63. Ra4 e5 {[%cal Be6e5,Be5e4][%mdl 32]} 64. Kf1 e4 65. Kg2 Rb2 66. Kg1 Kf4 67. Ra3 Rd2 68. Rb3 Rd3 69. Rb2 $2 {[%mdl 8192] [#]} (69. Rb5 $17) 69... Kf3 {Black mates.} 70. Rb1 f4 71. Re1 Rd2 72. Rf1 Re2 73. Rd1 {Precision: White = 61%, Black = 79%.} 0-1